[Event "Groningen op"]
[Site "Groningen"]
[Date "1989.??.??"]
[Round "5"]
[White "Nijboer, Friso"]
[Black "Los, Sander"]
[Result "1-0"]
[WhiteElo "2445"]
[BlackElo "2320"]

1.e4 c5 2.Nf3 e6 3.d4 cxd4 4.Nxd4 Nc6 5.Nc3 Qc7 6.Be2 a6 7.O-O Nf6 8.Kh1 Nxd4
9.Qxd4 Bc5 10.Qd3 h5 11.f4 Ng4 12.Nd1 b5 13.a4 b4 14.Ne3 a5 15.c4 Qd8 16.g3 Bb7
17.Nxg4 hxg4 18.Bxg4 Qf6 19.Bf3 Ke7 20.Be3 Bxe3 21.Qxe3 Qxb2 22.Qc5+ Ke8
23.h4 Qb3 24.Qd4 f6 25.Kg2 Rc8 26.Rfc1 Ba6 27.Bd1 Rxc4 28.Qd2 Rxc1 29.Rxc1 Qa3
30.Rc7 d5 31.Qc2 Bc4 32.exd5 Bxd5+ 33.Kh3 Rh6 34.Qc5  1-0

[Event "Groningen op"]
[Site "Groningen"]
[Date "1989.??.??"]
[Round "5"]
[White "Motwani, Paul"]
[Black "Van Mil, Johannes A J"]
[Result "1/2-1/2"]
[WhiteElo "2490"]
[BlackElo "2370"]

1.e4 c5 2.Nf3 e6 3.d4 cxd4 4.Nxd4 Nc6 5.Nc3 a6 6.g3 Nxd4 7.Qxd4 Ne7 8.Bf4 Nc6
9.Qd2 b5 10.O-O-O Bb7 11.Bd6 Bxd6 12.Qxd6 Rc8 13.f4 Qc7 14.Qxc7 Rxc7 15.Bxb5 axb5
16.Nxb5 Kd8 17.Nxc7 Kxc7 18.Rhe1 Ra8 19.Kb1 f6 20.b3 e5 21.Re3 Nd4 22.fxe5 fxe5
23.Rf1 Nb5 24.Rf7 Rg8 25.a4 Nd6 26.Re7 Bxe4 27.Rxe5 Bc6 28.Re2 h6 29.Kb2 Rf8
30.Re7 g5 31.Rh7 Rf6 32.Ree7 Rf2 33.Rxh6 Rg2 34.Re5 Nf7 35.Rxc6+ Kxc6 36.Rf5 Nd6
37.Rxg5 Rxh2 38.b4 Ne4 39.Rg6+ d6 40.g4 Rg2 41.Rg8 Nf6 42.b5+ Kb6 43.Rc8 Ne4
44.Rc6+ Ka5 45.b6 Ka6 46.a5 Rxg4 47.Rc4  1/2-1/2

[Event "EU-chT"]
[Site "Haifa"]
[Date "1989.??.??"]
[Round "1"]
[White "Liberzon, Vladimir M"]
[Black "Morrison, Graham"]
[Result "1-0"]
[WhiteElo "2480"]
[BlackElo "2325"]

1.e4 c5 2.Nf3 e6 3.d4 cxd4 4.Nxd4 Nc6 5.Nc3 d6 6.Be3 Nf6 7.f4 Be7 8.Qf3 O-O
9.O-O-O Qc7 10.g4 Nxd4 11.Bxd4 e5 12.fxe5 dxe5 13.Qg3 Be6 14.Bxe5 Qa5 15.Be2 Rfc8
16.g5 Nd7 17.Rxd7 Bxd7 18.Nd5 Bf8 19.Kb1 Be6 20.Rd1 Bxd5 21.exd5 Qc5 22.Bd3 Re8
23.c4 g6 24.Qf4 Qe7 25.Bd4 Bg7 26.d6 Qd7 27.Bxg7 Kxg7 28.c5 b6 29.Be4 bxc5
30.Bxa8 Rxa8 31.Qe5+ Kg8 32.Qxc5 Rc8 33.Qd5 Rd8 34.a3 Kg7 35.Ka2 h5 36.h4 Kg8
37.Rd2 Re8 38.Rd4 Re6 39.Qc5 Re8 40.Qd5 Re6 41.a4 Re8 42.b3 Rd8 43.Ka3 Qe8
44.Re4 Qd7 45.Re7 Qxd6+ 46.Qxd6 Rxd6 47.Rxa7 Rd4 48.a5 Rxh4 49.Rc7 Rg4 50.a6  1-0

[Event "EU-chT"]
[Site "Haifa"]
[Date "1989.??.??"]
[Round "2"]
[White "Brunner, Lucas"]
[Black "Fauland, Alexander"]
[Result "1-0"]
[WhiteElo "2505"]
[BlackElo "2455"]

1.e4 c5 2.Nf3 e6 3.d4 cxd4 4.Nxd4 Nc6 5.Nc3 Qc7 6.g3 a6 7.Bg2 Nf6 8.O-O Nxd4
9.Qxd4 Bc5 10.Bf4 d6 11.Qd2 h6 12.Rad1 e5 13.Be3 Ke7 14.f4 Be6 15.fxe5 dxe5
16.Nd5+ Bxd5 17.exd5 Rhd8 18.Kh1 Bxe3 19.Qxe3 Ne8 20.c4 Qxc4 21.Qxe5+ Kf8
22.d6 Rd7 23.Bd5 Qc5 24.Qe6  1-0

[Event "EU-chT"]
[Site "Haifa"]
[Date "1989.??.??"]
[Round "2"]
[White "Dimitrov, Vladimir"]
[Black "Gdanski, Jacek"]
[Result "0-1"]
[WhiteElo "2435"]
[BlackElo "2405"]

1.e4 c5 2.Nf3 e6 3.d4 cxd4 4.Nxd4 Nc6 5.Nc3 Qc7 6.Be2 a6 7.O-O Nxd4 8.Qxd4 b5
9.Rd1 b4 10.Na4 Rb8 11.Bg5 e5 12.Qd3 Be7 13.Be3 Nf6 14.b3 Bb7 15.Bf3 Bc6
16.Rac1 Bb5 17.Qd2 O-O 18.c3 Bxa4 19.bxa4 Qa5 20.cxb4 Rxb4 21.Bg5 Rxa4 22.Bxf6 Qxd2
23.Rxd2 Bxf6 24.Rc7 Rd8 25.g3 Kf8 26.Kg2 Be7 27.h4 Ke8 28.Rdc2 Bd6 29.Ra7 Rb8
30.Bg4 Rd8 31.Bf3 g6 32.h5 Ke7 33.hxg6 hxg6 34.Kf1 Rb8 35.Bg4 f5 36.Bf3 fxe4
37.Bg4 Rd8 38.Bh3 Ra3 39.Ke2 Ra5 40.Rd2 Ra4 41.Rc2 Ra5 42.Rd2 Bb4 43.Rdxd7+ Rxd7
44.Rxd7+ Kf6 45.Ke3 Rxa2 46.Rc7 Be1 47.Rc6+ Kg5 48.Be6 Rxf2 49.Rxa6 Rf8 50.g4 Rf4
51.Bd7 Bf2+ 52.Ke2 Bd4 53.Be8 Rf2+ 54.Ke1 Rg2 55.Bxg6 e3 56.Rc6 Kf4 57.Bd3 e4
58.Bf1 Rb2 59.Rc8 Bb6 60.Rf8+ Kg3 61.Rf5 Bd4 62.Rd5 Bc3+ 63.Kd1 Rb1+  0-1

[Event "EU-chT"]
[Site "Haifa"]
[Date "1989.??.??"]
[Round "3"]
[White "Hellers, Ferdinand"]
[Black "Renet, Olivier"]
[Result "1/2-1/2"]
[WhiteElo "2560"]
[BlackElo "2515"]

1.e4 c5 2.Nf3 e6 3.d4 cxd4 4.Nxd4 Nc6 5.Nc3 a6 6.Nxc6 bxc6 7.e5 Qc7 8.f4 f5
9.Be3 Rb8 10.Rb1 Nh6 11.Be2 Be7 12.O-O O-O 13.Bf3 d6 14.exd6 Bxd6 15.Qd2 Nf7
16.Be2 Bb7 17.Na4 c5 18.Bf3 Bxf3 19.Rxf3 Qc6 20.b3 c4 21.Rd1 cxb3 22.cxb3 Rbd8
23.Rc1 Qb7 24.Qe2 Rfe8 25.Nc5 Bxc5 26.Bxc5 e5 27.Re3 e4 28.Rec3 Rd7 29.Be3 Red8
30.Qc4 Rd3 31.Kf2 Qe7 32.g3 Qf6 33.Rxd3 exd3 34.Rd1 Qh6 35.Kg1 Qd6 36.b4 h5
37.a4 h4 38.b5 axb5 39.axb5 h3 40.b6 Qd7 41.Rd2 Qb7 42.Qe6 Rc8 43.Rf2 Rc2
44.Rxc2 dxc2 45.Kf2 Qg2+ 46.Ke1 Qh1+ 47.Ke2 Qxh2+ 48.Kd3 c1=N+ 49.Bxc1 Qxg3+
50.Be3 h2 51.b7 h1=Q 52.b8=Q+ Kh7 53.Qxf5+ Qg6 54.Qxg6+ Kxg6 55.Qe8 Qd5+
56.Bd4 Qf5+ 57.Qe4  1/2-1/2

[Event "EU-chT"]
[Site "Haifa"]
[Date "1989.??.??"]
[Round "5"]
[White "Morrison, Graham"]
[Black "Almeida, R."]
[Result "1/2-1/2"]
[WhiteElo "2325"]
[BlackElo "2375"]

1.e4 c5 2.Nf3 e6 3.d4 cxd4 4.Nxd4 Nc6 5.Nc3 d6 6.g3 Nf6 7.Bg2 Bd7 8.O-O Be7
9.Be3 O-O 10.Nb3 Ne5 11.Qe2 Qc7 12.Rad1 Nc4 13.Bc1 Rac8 14.Nd4 a6 15.b3 Ne5
16.Bb2 Qa5 17.Qe1 Qb6  1/2-1/2

[Event "EU-chT"]
[Site "Haifa"]
[Date "1989.??.??"]
[Round "5"]
[White "Hebden, Mark"]
[Black "Horvath, Jozsef"]
[Result "1/2-1/2"]
[WhiteElo "2520"]
[BlackElo "2505"]

1.e4 c5 2.Nc3 Nc6 3.Nf3 e6 4.d4 cxd4 5.Nxd4 Qc7 6.f4 a6 7.Nf3 Bc5 8.Bd3 b5
9.Qe2 Nd4 10.Nxd4 Bxd4 11.Bd2 b4 12.Nd1 Rb8 13.Rc1 Qa7 14.c3 bxc3 15.bxc3 Bc5
16.Be3 Nf6 17.c4 d6 18.O-O e5 19.Qf2 Nd7 20.Bxc5 Qxc5 21.Ne3 O-O 22.Nd5 exf4
23.Nxf4 Rb2 24.Qxc5 Nxc5 25.Rcd1 Bg4 26.Rb1 Rxa2 27.h3 Be6 28.Rfd1 Bd7 29.Rb6 Ba4
30.Bb1 Rxg2+ 31.Kxg2 Bxd1 32.Rxd6 Ba4 33.Nd3 Nxe4 34.Rxa6 Nc3 35.Ne5 Re8
36.Nf3 g6 37.Bd3 Re3 38.Bf1 Bc2 39.Nd4 Be4+ 40.Kg1 Bd3 41.Ra3 Re1 42.Rxc3 Bxf1
43.Kf2 Re4 44.Kxf1 Rxd4 45.c5 Rd7 46.Ke2 Kf8 47.Ke3 Ke7 48.Ra3 Rd5 49.Ra7+ Ke6
50.c6 Rh5 51.Kd4 Rxh3 52.Rxf7 Rh4+ 53.Kd3 Rh3+ 54.Kd2 Rh2+  1/2-1/2

[Event "EU-chT"]
[Site "Haifa"]
[Date "1989.??.??"]
[Round "6"]
[White "Sznapik, Aleksander"]
[Black "Hellers, Ferdinand"]
[Result "0-1"]
[WhiteElo "2450"]
[BlackElo "2560"]

1.e4 c5 2.Nf3 e6 3.d4 cxd4 4.Nxd4 Nc6 5.Nc3 a6 6.Be2 Qc7 7.O-O Nf6 8.Be3 Bb4
9.Nxc6 bxc6 10.Na4 O-O 11.c4 Bd6 12.f4 Nxe4 13.c5 Be7 14.Bd3 Nf6 15.Bd4 Rd8
16.Rf3 d6 17.cxd6 Rxd6 18.Be5 Qa7+ 19.Kh1 Rd8 20.Qc2 h6 21.Rg3 Nh5 22.Rh3 Nf6
23.Qe2 Nd7 24.Bc3 Bf6 25.Rg3 Bxc3 26.Nxc3 Nf6 27.Rd1 Qc7 28.Rf1 Rb8 29.b3 Rb4
30.Bc4 a5 31.a3 Rb8 32.Ne4 Nxe4 33.Qxe4 c5 34.Qf3 Rd4 35.Qg4 g6 36.Qh4 Kg7
37.Rh3 h5 38.Rg3 a4 39.Bd3 Rxb3 40.Bxg6 Rxg3 41.Bxh5 Rg6 42.Bxg6 fxg6  0-1

[Event "Haninge"]
[Site "Haninge"]
[Date "1989.??.??"]
[Round "?"]
[White "Wedberg, Tom"]
[Black "Sax, Gyula"]
[Result "1/2-1/2"]
[WhiteElo "2510"]
[BlackElo "2610"]

1.e4 c5 2.Nf3 e6 3.d4 cxd4 4.Nxd4 Nc6 5.Nc3 Qc7 6.g3 a6 7.Bg2 d6 8.O-O Bd7
9.a4 Nf6 10.Nb3 Ne5 11.f4 Nc4 12.Kh1 Be7 13.Nd4 Rc8 14.Rf3 O-O 15.b3 Na5
16.Bb2 Nc6 17.h3 Rfd8  1/2-1/2

[Event "Haninge"]
[Site "Haninge"]
[Date "1989.??.??"]
[Round "?"]
[White "Van der Wiel, John TH"]
[Black "Cramling, Pia"]
[Result "1/2-1/2"]
[WhiteElo "2560"]
[BlackElo "2480"]

1.e4 c5 2.Nf3 e6 3.d4 cxd4 4.Nxd4 Nc6 5.Nc3 Qc7 6.Be2 a6 7.O-O Nf6 8.Kh1 Nxd4
9.Qxd4 Bc5 10.Qd3 h5 11.f4 Ng4 12.e5 d6 13.Bxg4 hxg4 14.Be3 Bxe3 15.Qxe3 dxe5
16.fxe5 f5 17.Rad1 Bd7 18.Ne4 O-O-O 19.Nd6+ Kb8 20.Nf7 Bb5 21.Nxd8 Bxf1 22.Nxb7  1/2-1/2

[Event "Hastings Challengers8990"]
[Site "Hastings"]
[Date "1989.??.??"]
[Round "?"]
[White "Sorensen, Jan"]
[Black "Plaskett, Jim"]
[Result "1-0"]
[WhiteElo "2335"]
[BlackElo "2460"]

1.e4 c5 2.Nf3 Nc6 3.Nc3 e6 4.d4 cxd4 5.Nxd4 a6 6.Be2 Qc7 7.O-O Nf6 8.Kh1 Bb4
9.Qd3 d6 10.f4 O-O 11.Bd2 Nxd4 12.Qxd4 Bc5 13.Qd3 b5 14.b4 Bb6 15.a4 Bd7
16.Bf3 Rab8 17.axb5 axb5 18.Rfd1 Rfd8 19.Be1 Rdc8 20.e5 dxe5 21.fxe5 Qxe5
22.Bg3 Qxc3 23.Qxc3 Rxc3 24.Bxb8 Rxc2 25.Be5 Bc8 26.Rac1 Rxc1 27.Rxc1 Bd7
28.Ra1 Ne8 29.Ra8 f6 30.Bg3 Kf7 31.Rb8 Be3 32.Rb7  1-0

[Event "Helsinki2"]
[Site "Helsinki"]
[Date "1989.??.??"]
[Round "9"]
[White "Nevanlinna, Risto"]
[Black "Pyhala, Antti"]
[Result "1/2-1/2"]
[WhiteElo "2325"]
[BlackElo "2385"]

1.e4 c5 2.Nf3 Nc6 3.d4 cxd4 4.Nxd4 e6 5.Nc3 Qc7 6.g3 d6 7.Bg2 Bd7 8.O-O a6
9.Re1 Be7 10.a4 Nf6 11.Nde2 h6 12.b3 Rc8 13.h3 Ne5 14.Be3 g5 15.a5 g4 16.Bb6 Qb8
17.hxg4 Nexg4 18.f3 Ne5 19.f4 Neg4 20.Qd3 Bc6 21.b4 Nd7 22.Nd4 Nxb6 23.axb6 Bd8
24.Nd5 Kf8 25.Bf3 Rg8 26.Kg2 h5 27.c4 h4 28.Qe2 Nf6 29.g4 exd5 30.exd5 Nxg4
31.Bxg4 Bd7 32.f5 Rxc4 33.Qxc4 Rxg4+ 34.Kh2 Bxf5 35.Qc3 Qc8 36.Nc6 f6 37.Qe3 bxc6
38.Qe8+ Kg7 39.b7 Qxb7 40.Qxd8 Qxb4 41.Re7+ Kh6 42.Qf8+ Kh5 43.Qh8+ Kg5 44.Rg7+ Bg6
45.Rxg6+ Kxg6  1/2-1/2

[Event "HUN-ch"]
[Site "?"]
[Date "1989.??.??"]
[Round "?"]
[White "Hazai, Laszlo"]
[Black "Horvath, Csaba"]
[Result "1/2-1/2"]
[WhiteElo "2460"]
[BlackElo "2445"]

1.e4 c5 2.Nf3 Nc6 3.d4 cxd4 4.Nxd4 e6 5.Nc3 d6 6.Be2 Nf6 7.O-O Be7 8.Be3 O-O
9.f4 a6 10.a4 Qc7 11.Kh1 Re8 12.Bf3 Rb8 13.Qd2 Bf8 14.Qf2  1/2-1/2

[Event "HUN-ch"]
[Site "?"]
[Date "1989.??.??"]
[Round "?"]
[White "Feher, Gyula"]
[Black "Horvath, Jozsef"]
[Result "1-0"]
[WhiteElo "2410"]
[BlackElo "2510"]

1.e4 c5 2.Nf3 e6 3.d4 cxd4 4.Nxd4 Nc6 5.Nc3 Qc7 6.Be2 a6 7.O-O Nf6 8.Kh1 d6
9.f4 Be7 10.Bf3 Bd7 11.Nb3 O-O 12.Qe1 Rac8 13.Qf2 b5 14.a3 Qb8 15.Be3 e5
16.Nd5 Bd8 17.Rad1 Be6 18.f5 Bxd5 19.exd5 Ne7 20.Bg5 Bb6 21.Qh4 Nxf5 22.Qh3 Ne7
23.Bxf6 gxf6 24.Be4 Ng6 25.Qh6 Kh8 26.Rxf6 Kg8 27.Rd3  1-0

[Event "HUN-ch"]
[Site "?"]
[Date "1989.??.??"]
[Round "?"]
[White "Tolnai, Tibor"]
[Black "Horvath, Csaba"]
[Result "1/2-1/2"]
[WhiteElo "2480"]
[BlackElo "2445"]

1.e4 c5 2.Nf3 e6 3.d4 cxd4 4.Nxd4 Nc6 5.Nc3 Qc7 6.f4 a6 7.Nxc6 Qxc6 8.Bd3 b5
9.Qe2 Bb7 10.Bd2 Bc5 11.O-O-O Ne7 12.Qh5 Rc8 13.Kb1 O-O 14.g4 Qb6 15.Rhf1 Be3
16.Bxe3 Qxe3 17.Rde1 Qc5 18.e5 f5 19.gxf5 Nxf5 20.Ne4 Bxe4 21.Bxe4 Rf7 22.Rg1 Qf2
23.Ref1 Qh4 24.Qe2 Rcf8 25.Rg4 Qh3 26.Rfg1 Nh6  1/2-1/2

[Event "HUN-ch"]
[Site "?"]
[Date "1989.??.??"]
[Round "?"]
[White "Hazai, Laszlo"]
[Black "Horvath, Gyula"]
[Result "1/2-1/2"]
[WhiteElo "2460"]
[BlackElo "2410"]

1.e4 c5 2.Nf3 Nc6 3.d4 cxd4 4.Nxd4 e6 5.Nc3 Qc7 6.Be2 a6 7.O-O Nf6 8.Kh1 d6
9.f4 Be7 10.Be3 O-O 11.Qe1 Nxd4 12.Bxd4 b5 13.a3 Bb7 14.Qg3  1/2-1/2

[Event "HUN-ch"]
[Site "?"]
[Date "1989.??.??"]
[Round "?"]
[White "Varga, Zoltan"]
[Black "Horvath, Jozsef"]
[Result "1/2-1/2"]
[WhiteElo "2425"]
[BlackElo "2510"]

1.e4 c5 2.Nf3 e6 3.d4 cxd4 4.Nxd4 Nc6 5.Nc3 Qc7 6.Be2 a6 7.O-O Nf6 8.Kh1 d6
9.f4 Be7 10.f5 Ne5 11.fxe6 fxe6 12.Bh5+ g6 13.Be2 O-O 14.Nf3 Nxf3 15.Rxf3 b5
16.Bh6 Rf7 17.Qd4 e5 18.Nd5 exd4 19.Nxc7 Ra7 20.Nd5 Nxd5 21.Rxf7 Kxf7 22.exd5 Bf5
23.Rf1 Ke8 24.Bg7 Rc7 25.Bxd4 Rxc2 26.Bf3 Kd7 27.Kg1 Bg5 28.g4 Bd3 29.Re1 Bh4
30.Ra1 Rc4 31.Bg7 Bd8 32.Kg2 Rc2+ 33.Kg3 Bb6 34.Bd1 Rc4 35.b3 Re4 36.Bf3 Re3
37.Bh6 Re5 38.Bf4 Re7 39.Bg5 Re8 40.Rd1 Be4 41.Re1 Bc2 42.Rc1 Rc8 43.Re1 Re8
44.Rc1 Rc8 45.Re1 Re8  1/2-1/2

[Event "JUG-ch"]
[Site "?"]
[Date "1989.??.??"]
[Round "?"]
[White "Ivanovic, Bozidar"]
[Black "Paunovic, Dragan"]
[Result "1-0"]
[WhiteElo "2530"]
[BlackElo "2460"]

1.e4 c5 2.Nf3 Nc6 3.d4 cxd4 4.Nxd4 e6 5.Nc3 Qc7 6.Be2 a6 7.O-O Nf6 8.Kh1 Be7
9.f4 d6 10.Be3 O-O 11.Qe1 Bd7 12.Qg3 Kh8 13.Rad1 Rae8 14.Nf3 Bc8 15.a3 b5
16.e5 Ng8 17.Ne4 dxe5 18.fxe5 f5 19.Nd6 Bxd6 20.Rxd6 Nge7 21.Ng5 Nd5 22.Bh5 Re7
23.Nxh7 Nxe3 24.Nxf8 Nxf1 25.Qg6  1-0

[Event "Kecskemet"]
[Site "Kecskemet"]
[Date "1989.??.??"]
[Round "?"]
[White "Delanoy, Arnaud"]
[Black "Chekhov, Valery A"]
[Result "1/2-1/2"]
[WhiteElo "2340"]
[BlackElo "2480"]

1.e4 c5 2.Nc3 e6 3.Nf3 Nc6 4.d4 cxd4 5.Nxd4 Nf6 6.Be2 Bb4 7.O-O Bxc3 8.bxc3 Nxe4
9.Bf3 d5 10.Nxc6 bxc6 11.Bxe4 dxe4 12.Qxd8+ Kxd8 13.Re1 e5 14.Rxe4 f6 15.Ba3 Kc7
16.Rd1 Rd8 17.Rxd8 Kxd8 18.f4 Bf5 19.Re2 e4 20.h3 h5 21.g4 hxg4 22.hxg4 Bxg4
23.Rxe4 Rc8 24.Be7+ Kc7 25.Bc5 Kb7 26.Re7+ Rc7 27.Rxc7+ Kxc7 28.Bxa7 Kd6
29.Kf2 Kd5 30.Ke3 Bf5 31.Kd2 Ke4 32.Bb8 Be6 33.a4 Bc4 34.Bd6  1/2-1/2

[Event "Las Palmas op"]
[Site "Las Palmas"]
[Date "1989.??.??"]
[Round "?"]
[White "Urday, Henry"]
[Black "Illescas Cordoba, Miguel"]
[Result "0-1"]
[WhiteElo "2355"]
[BlackElo "2525"]

1.e4 c5 2.Nf3 e6 3.d4 cxd4 4.Nxd4 Nc6 5.Nc3 Qc7 6.g3 a6 7.Bg2 Nf6 8.O-O d6
9.Be3 Be7 10.Qe2 O-O 11.f4 Bd7 12.Nb3 b5 13.a3 Rfc8 14.g4 Rab8 15.g5 Ne8
16.h4 b4 17.axb4 Nxb4 18.Rf2 Qc4 19.Qd2 Nxc2 20.Na5 Qb4 21.Qxc2 Bd8 22.Bf1 Bxa5
23.Bxa6 Rc7 24.Ra2 Bb6 25.Bxb6 Qxb6 26.Bd3 g6 27.Qd2 Bc6 28.Ra1 Rcb7 29.Rb1 Qc5
30.Kh2 Rb3 31.h5 Qd4 32.hxg6 hxg6 33.Rf3 Bxe4 34.Nxe4 Rxb2 35.Bc2 Qxe4  0-1

[Event "Leningrad2"]
[Site "Leningrad"]
[Date "1989.??.??"]
[Round "?"]
[White "Zaichik, Gennadi"]
[Black "Gdanski, Przemyslaw"]
[Result "1-0"]
[WhiteElo "2500"]
[BlackElo "2350"]

1.e4 c5 2.Nf3 e6 3.d4 cxd4 4.Nxd4 Nc6 5.Nc3 a6 6.Bf4 d6 7.Bg3 Bd7 8.Nb3 Qc7
9.a4 Nf6 10.a5 Ne5 11.f3 Rc8 12.Be2 Be7 13.O-O O-O 14.Qd2 Rfe8 15.Rfd1 d5
16.Bxe5 Qxe5 17.f4 Qc7 18.e5 d4 19.Nxd4 Nd5 20.Nxd5 exd5 21.c3 Bf8 22.Kh1 g6
23.Bf3 Bh6 24.Qe3 Bc6 25.g3 f6 26.e6 f5 27.Re1 Re7 28.Qd3 Rd8 29.h4 Bg7 30.h5 Qd6
31.hxg6 hxg6 32.Kg2 Bxd4 33.Qxd4 Rxe6 34.Rxe6 Qxe6 35.Rh1 Kf7 36.Rh7+  1-0

[Event "Leningrad2"]
[Site "Leningrad"]
[Date "1989.??.??"]
[Round "?"]
[White "Kupreichik, Viktor D"]
[Black "Horvath, Csaba"]
[Result "1/2-1/2"]
[WhiteElo "2520"]
[BlackElo "2470"]

1.e4 c5 2.Nf3 e6 3.Nc3 Nc6 4.d4 cxd4 5.Nxd4 Qc7 6.Be2 a6 7.f4 Nxd4 8.Qxd4 b5
9.Be3 Bb7 10.O-O Rc8 11.Bd3 Nf6 12.h3 d6 13.a4 e5 14.Qa7 b4 15.Na2 Ra8 16.Qb6 Qxb6
17.Bxb6 Nxe4 18.fxe5 d5 19.Rad1 Be7 20.c3 bxc3 21.Bxe4 dxe4 22.Nxc3 h5 23.Nd5 Bxd5
24.Rxd5 Rh6 25.Bc5 Rb8 26.b4 Bxc5+ 27.Rxc5 Rxb4 28.Rc7 e3 29.Rfxf7 Rb1+ 30.Rf1 Rhb6
31.Rcc1 Rxc1 32.Rxc1 Kd7 33.Kf1 Rb2 34.Rc3 e2+ 35.Ke1 Ra2 36.Rg3 Ke6 37.Rxg7 Kxe5
38.Rh7 Kd4 39.Rxh5 Ke3 40.Re5+ Kd3 41.Kf2 e1=Q+ 42.Kxe1 Rxg2 43.h4 Rg4 44.h5 Rxa4
45.Kf2 Rb4 46.Kf3 Rb8 47.Kf4 Kc4 48.h6 Kb4 49.Re4+ Kb3 50.Re3+ Kb4 51.h7 a5
52.Re7 Rh8 53.Ke4 a4 54.Kd4 Rd8+ 55.Ke3 a3 56.Rb7+ Kc3 57.Rc7+ Kb2 58.Rb7+ Kc2
59.Rc7+ Kb2 60.Rd7 Re8+ 61.Kd2 a2 62.Rb7+ Ka3 63.Ra7+ Kb2  1/2-1/2

[Event "Leningrad2"]
[Site "Leningrad"]
[Date "1989.??.??"]
[Round "?"]
[White "Khalifman, Alexander"]
[Black "Gdanski, Przemyslaw"]
[Result "1-0"]
[WhiteElo "2545"]
[BlackElo "2350"]

1.e4 c5 2.Nf3 e6 3.d4 cxd4 4.Nxd4 Nc6 5.Nc3 a6 6.Bf4 d6 7.Bg3 Bd7 8.Qd2 Nf6
9.O-O-O Rc8 10.Nxc6 Bxc6 11.f3 d5 12.e5 Nd7 13.Ne2 Be7 14.Nd4 O-O 15.Kb1 Nc5
16.h4 Qb6 17.h5 Rfe8 18.Bh4 Bf8 19.Rh3 Kh8 20.Rg3 Qc7 21.Re1 Bd7 22.Qf4 f5
23.h6 Bc6 24.hxg7+ Bxg7 25.Rxg7 Kxg7 26.Bf6+ Kg8 27.g4 fxg4 28.Qg5+ Kf8 29.Qh6+ Kg8
30.Be2  1-0

[Event "Lillafured"]
[Site "Lillafured"]
[Date "1989.??.??"]
[Round "?"]
[White "Barczay, Laszlo"]
[Black "Van Mil, Johannes A J"]
[Result "0-1"]
[WhiteElo "2395"]
[BlackElo "2370"]

1.e4 c5 2.Nf3 e6 3.d4 cxd4 4.Nxd4 Nc6 5.Nc3 a6 6.g3 Nxd4 7.Qxd4 Ne7 8.Be3 b5
9.Bg2 Nc6 10.Qd1 Bb7 11.O-O Be7 12.Nd5 exd5 13.exd5 Na5 14.d6 Bf6 15.Bxb7 Nxb7
16.Qd5 Qc8 17.Bg5 Qc6 18.Rfe1+ Kf8 19.Qd2 Qxd6 20.Qe3 Qc5 21.Qf3 Bxg5 22.Qxb7 Qc6  0-1

[Event "Vidmar mem"]
[Site "Ljublana Portoroz"]
[Date "1989.??.??"]
[Round "?"]
[White "Kupreichik, Viktor D"]
[Black "Gostisa, Leon"]
[Result "1-0"]
[WhiteElo "2520"]
[BlackElo "2420"]

1.e4 c5 2.Nf3 Nc6 3.Nc3 e6 4.d4 cxd4 5.Nxd4 Qc7 6.Be2 a6 7.f4 d6 8.Be3 Nf6
9.g4 d5 10.exd5 Nxd5 11.Nxd5 exd5 12.Qd2 Bd6 13.O-O-O O-O 14.Bf3 Bd7 15.Bxd5 Nxd4
16.Qxd4 Bxg4 17.Rhg1 Rfc8 18.c4 h5 19.h3 Qe7 20.Rde1 Bc5 21.Qd3 Be6 22.Bd4 Bxd5
23.Rxe7 Bxd4 24.Re8+ Rxe8 25.Qxd4  1-0

[Event "Vidmar mem"]
[Site "Ljublana Portoroz"]
[Date "1989.??.??"]
[Round "?"]
[White "Grosar, Aljosa"]
[Black "Podlesnik, Bogdan"]
[Result "1/2-1/2"]
[WhiteElo "2365"]
[BlackElo "2415"]

1.e4 c5 2.Nf3 Nc6 3.Nc3 e6 4.d4 cxd4 5.Nxd4 Nf6 6.a3 d6 7.Be2 Be7 8.O-O O-O
9.Be3 Bd7 10.f4 Nxd4 11.Bxd4 Bc6 12.Bd3 d5 13.e5 Ne4 14.Kh1 f5 15.exf6 Bxf6
16.Bxf6 Qxf6 17.Bxe4 dxe4 18.Qe2 Qf5 19.Rae1 Rac8  1/2-1/2

[Event "Lodz"]
[Site "Lodz"]
[Date "1989.??.??"]
[Round "3"]
[White "Raszka, Janusz"]
[Black "Hass, Roman"]
[Result "0-1"]
[WhiteElo "2370"]
[BlackElo "2355"]

1.e4 c5 2.Nf3 e6 3.d4 cxd4 4.Nxd4 Nc6 5.Nc3 Qc7 6.Be2 Nf6 7.O-O a6 8.Kh1 Nxd4
9.Qxd4 Bc5 10.Qd3 h5 11.f4 Ng4 12.Bxg4 hxg4 13.Qg3 b5 14.Qxg4 Bb7 15.Qe2 Rh4
16.Be3 Bxe3 17.Qxe3 g5 18.Rae1 O-O-O 19.g3 Rh3 20.Kg1 Rdh8 21.Re2 g4 22.f5 Bc6
23.Qd4 b4 24.Qxb4 Rxg3+ 25.hxg3 Qxg3+ 26.Rg2 Qe3+ 27.Rff2 g3 28.Rxg3 Qe1+  0-1

[Event "Lodz"]
[Site "Lodz"]
[Date "1989.??.??"]
[Round "9"]
[White "Hass, Roman"]
[Black "Bogdanovski, Vlatko"]
[Result "1/2-1/2"]
[WhiteElo "2355"]
[BlackElo "2430"]

1.e4 c5 2.Nf3 e6 3.Nc3 Nc6 4.d4 cxd4 5.Nxd4 a6 6.Be2 Qc7 7.O-O Nf6 8.Be3 Bb4
9.Na4 b5 10.Nxc6 dxc6 11.Nb6 Rb8 12.Nxc8 Rxc8 13.c4 O-O 14.Qc2 Qe5 15.Rad1 Bc5
16.Bxc5 Qxc5 17.b4 Qe5 18.Bf3 c5 19.cxb5 cxb4 20.Qa4 axb5 21.Qxb4 Rc5 22.Rd5 exd5
23.Qxc5 Nxe4  1/2-1/2

[Event "London NWYM"]
[Site "London"]
[Date "1989.??.??"]
[Round "?"]
[White "Hebden, Mark"]
[Black "Murshed, Niaz"]
[Result "1-0"]
[WhiteElo "2455"]
[BlackElo "2475"]

1.e4 c5 2.Nc3 Nc6 3.Nf3 e6 4.d4 cxd4 5.Nxd4 d6 6.Be3 Nf6 7.Qd2 Be7 8.f3 a6
9.O-O-O Nxd4 10.Qxd4 O-O 11.e5 dxe5 12.Qxe5 Nd7 13.Qg3 Bh4 14.Qh3 Qe7 15.g3 Bg5
16.Bxg5 Qxg5+ 17.f4 Qa5 18.Bd3 h6 19.g4 Nc5 20.g5 e5 21.Bf5 exf4 22.Rd5 h5
23.Bxc8 Raxc8 24.Qxh5 Qc7 25.Rf1 Rfe8 26.g6 fxg6 27.Qxg6 Ne4 28.Rh5 Nf6 29.Rf5 Ne4
30.R5xf4 Nxc3 31.Rh4 Nxa2+ 32.Kb1 Qxc2+ 33.Qxc2 Rxc2 34.Kxc2 a5 35.Rd4 Nb4+
36.Kb1 Re2 37.h4 Rh2 38.Rg1 b6 39.Rdg4 Kf8 40.Rxg7  1-0

[Event "Lloyds Bank op"]
[Site "London"]
[Date "1989.??.??"]
[Round "?"]
[White "Chandler, Murray G"]
[Black "Engqvist, Thomas"]
[Result "1-0"]
[WhiteElo "2585"]
[BlackElo "2305"]

1.e4 c5 2.Nf3 e6 3.d4 cxd4 4.Nxd4 Nc6 5.Nc3 d6 6.Be3 Nf6 7.Qd2 Be7 8.f3 O-O
9.g4 Nd7 10.O-O-O Nde5 11.Be2 Na5 12.b3 Nac6 13.Kb1 Nxd4 14.Bxd4 a6 15.Qe3 Qc7
16.f4 Nd7 17.g5 b5 18.f5 Ne5 19.f6 Bd8 20.fxg7 Kxg7 21.h4 Bb7 22.h5 Rc8 23.Bd3 b4
24.Ne2 Kg8 25.g6 Nxd3 26.Qh6 fxg6 27.hxg6  1-0

[Event "Lugano op"]
[Site "Lugano"]
[Date "1989.??.??"]
[Round "4"]
[White "Jacobs, Byron A"]
[Black "Kunze, Markus"]
[Result "1-0"]
[WhiteElo "2350"]
[BlackElo "2270"]

1.e4 c5 2.Nf3 e6 3.Nc3 Nc6 4.d4 cxd4 5.Nxd4 Nf6 6.Ndb5 d6 7.Bf4 e5 8.Bg5 a6
9.Na3 b5 10.Nd5 Be7 11.Bxf6 Bxf6 12.c3 Bg5 13.Nc2 O-O 14.a4 bxa4 15.Rxa4 a5
16.Bc4 Be6 17.O-O Rb8 18.Ra2 g6 19.Qe2 Kh8 20.Nce3 Bh6 21.b3 f5 22.exf5 gxf5
23.f4 Bg7 24.g3 Qd7 25.Rd1 Qb7 26.Ra3 Rbe8 27.Qf2 exf4 28.Nxf4 Bxc4 29.Nxc4 Bxc3
30.Nxd6 Qb4 31.Nc4 Bg7 32.Nd5 Qb8 33.Kg2 Rd8 34.Qc5 Ne5 35.Nce3 Rc8 36.Qxa5 Rfe8
37.Rd2 Ng4 38.Nxf5 Rcd8 39.h3  1-0

[Event "Lugano op"]
[Site "Lugano"]
[Date "1989.??.??"]
[Round "4"]
[White "Wedberg, Tom"]
[Black "Van Mil, Johannes A J"]
[Result "1-0"]
[WhiteElo "2510"]
[BlackElo "2370"]

1.e4 c5 2.Nf3 e6 3.d4 cxd4 4.Nxd4 Nc6 5.Nc3 a6 6.g3 Nxd4 7.Qxd4 Ne7 8.Bg2 Nc6
9.Qd2 b5 10.b3 Be7 11.Bb2 O-O 12.O-O d6 13.a4 b4 14.Nd1 a5 15.Ne3 Ba6 16.Rfd1 Qb6
17.Qe1 Rfd8 18.Rd2 Rac8 19.Rad1 Qc5 20.Kh1 Ne5 21.f4 Nd7 22.g4 Nf8 23.g5 Re8
24.Qg3 Bb7 25.f5 exf5 26.exf5 Bxg2+ 27.Rxg2 d5 28.Nxd5 Bd6 29.Nf6+ gxf6 30.Rxd6 Re3
31.Qf2 Rce8 32.gxf6+ Kh8 33.Rd1 Qc6 34.Rg1 Nd7 35.Qf4 Re1 36.Qg3 Rxg1+ 37.Kxg1 Qc5+
38.Kh1 Qf8 39.Qg7+ Qxg7 40.fxg7+ Kg8 41.Rd2  1-0

[Event "Lugano op"]
[Site "Lugano"]
[Date "1989.??.??"]
[Round "7"]
[White "Milosevic, Goran"]
[Black "Renet, Olivier"]
[Result "0-1"]
[WhiteElo "2330"]
[BlackElo "2480"]

1.e4 c5 2.Nf3 e6 3.Nc3 Nc6 4.d4 cxd4 5.Nxd4 a6 6.g3 d6 7.Bg2 Bd7 8.O-O Nf6
9.a4 Be7 10.Nb3 Na5 11.Nxa5 Qxa5 12.Bd2 Qc7 13.a5 Bc6 14.Re1 O-O 15.g4 d5
16.e5 Nd7 17.f4 d4 18.Ne4 Nc5 19.Ng3 Bxg2 20.Kxg2 Qc6+ 21.Qf3 Rac8 22.Qxc6 Rxc6
23.Bb4 Rd8 24.Rad1 Kf8 25.c3 Nb3 26.Rd3 Bxb4 27.cxb4 Nc1 28.Rd2 d3 29.Red1 Rd4
30.Kf3 Rxb4 31.Ne4 Rcc4 32.Nc3 Rxf4+ 33.Ke3 Nb3 34.Rxd3 g5 35.h3 Nxa5  0-1